| 000 | 01210cam a22003734a 4500 | ||
|---|---|---|---|
| 001 | 1770 | ||
| 003 | FISKH | ||
| 005 | 20230929075341.0 | ||
| 008 | 060208s2007 nyua j 001 0 eng | ||
| 010 | _a 2006004432 | ||
| 020 | _a053111841X | ||
| 020 | _a0531124606 | ||
| 020 | _a9780531124604 | ||
| 035 | _a(OCoLC)ocm63807918 | ||
| 035 | _a(OCoLC)63807918 | ||
| 040 |
_aDLC _cDLC _dIG# _dBAKER _dJPK _dDLC _beng |
||
| 042 | _apcc | ||
| 043 | _an-us--- | ||
| 050 | 0 | 0 |
_aGT4975 _b.T78 2007 |
| 082 | 0 | 0 |
_a394.2649 _222 |
| 100 | 1 | _aTrueit, Trudi Strain. | |
| 245 | 1 | 0 |
_aThanksgiving / _cby Trudi Strain Trueit. |
| 260 |
_aNew York : _bScholastic, _c2007. |
||
| 300 |
_a31 pages : _bcolor illustrations ; _c18 cm. |
||
| 440 | 0 | _aRookie read-about holidays | |
| 505 | _aN | ||
| 520 | _aIntroduces readers to the traditions of Thanksgiving. | ||
| 521 | 8 |
_a560
_bLexile |
|
| 521 | 8 |
_aN
_bRaz-Plus |
|
| 650 | 0 |
_aThanksgiving Day _xHistory _vJuvenile literature. |
|
| 906 |
_a7 _bcbc _corignew _d1 _eecip _f20 _gy-gencatlg |
||
| 942 |
_2ddc _cBK _n0 |
||
| 999 |
_c1770 _d1770 |
||